W. Eugene Smith. Master of the Photographic Essay.
Guardat en:
| Altres autors: | , |
|---|---|
| Format: | Desconegut |
| Idioma: | anglès |
| Publicat: |
New York, USA
Aperture
1981
|
| Matèries: | |
| Etiquetes: |
Afegir etiqueta
Sense etiquetes, Sigues el primer a etiquetar aquest registre!
|
MARC
| LEADER | 00000 a2200000 4500 | ||
|---|---|---|---|
| 003 | CL-VaPUC | ||
| 005 | 20230421092207.0 | ||
| 008 | 210715b1981 ||||| |||| 00| 0 eng d | ||
| 999 | |c 433296 |d 433294 | ||
| 020 | |a 0-89381-070-3 | ||
| 020 | |a 0-89381-071-1 | ||
| 040 | |c Pontificia Universidad Católica de Valparaíso | ||
| 082 | |a 770.924 JOH 1981 |2 23 | ||
| 100 | |a Johnson, William S. |9 862101 |e editor | ||
| 245 | |a W. Eugene Smith. |b Master of the Photographic Essay. | ||
| 260 | |a New York, USA |b Aperture |c 1981 | ||
| 300 | |a 223 páginas; |b fotos en blanco y negro | ||
| 583 | |k Cristina Rojas |c 20210715 | ||
| 600 | |a Smith, W. Eugene, |d 1918-1978 |9 862125 | ||
| 650 | 0 | |a Fotografía artística |9 269391 | |
| 650 | 0 | |a Fotografía documental |9 268698 | |
| 700 | |a Enyeart, James L. |e prefacio |9 862160 | ||
| 942 | |2 ddc |c BK | ||
| 952 | |0 0 |1 0 |2 ddc |4 0 |6 770_924000000000000_JOH_1981 |7 0 |8 A |9 578392 |a BIBART |b BIBART |d 2021-07-15 |e 139 |g 0.00 |i 5586054 |o 770.924 JOH 1981 |p 5586054 |r 2025-03-13 |t 1 |v 0.00 |w 2021-07-15 |y BK |k ART | ||